WEBSTER`S UNIVERSAL DICTIONARY AND THESAURS (Record no. 276237)

MARC details
000 -LEADER
fixed length control field 00347pam a2200133a 44500
008 - FIXED-LENGTH DATA ELEMENTS--GENERAL INFORMATION
fixed length control field 230405s xxu||||| |||| 00| 0 eng d
041 ## - LANGUAGE CODE
Language code of text/sound track or separate title ENG
100 ## - MAIN ENTRY--PERSONAL NAME
Personal name A
245 ## - TITLE STATEMENT
Title WEBSTER`S UNIVERSAL DICTIONARY AND THESAURS
250 ## - EDITION STATEMENT
Edition statement 2002
260 ## - PUBLICATION, DISTRIBUTION, ETC.
Place of publication, distribution, etc. SCOTLAND
Name of publisher, distributor, etc. GEDDDES & GROSSET PUBLICATION SCOTLAND
Date of publication, distribution, etc.
650 ## - SUBJECT ADDED ENTRY--TOPICAL TERM
Topical term or geographic name entry element OFFICIAL & GENERAL
906 ## - LOCAL DATA ELEMENT F, LDF (RLIN)
a 966

No items available.